00934nam a2200241 a 450000100060000000300080000600500170001400800410003103500190007204000350009104100080012608200270013410000300016124501200019126000370031130000210034850001150036950000200048465000230050494200120052799900170053995201360055646707BD-RjUL20211209054207.0160803s1949 enk 001 0 lat d a(BD-RjUL)46826 aBD-RjULbengcBD-RjULdBD-RjUL aeng 223bMOI 1949a340.54331 aMoyle, John Baron914190610aImperatoris Iustiniani Institutionum libri quattuor /cwith introductions, commentary, and excursus by J. B. Moyle. aOxford :bClarendon Press,c1949 a682 p. ;c22 cm. a"The text ... followed is that published by Krueger in his and Mommsen's edition of the Corpus iuris civilis." aIncludes index. 0aRoman law.9142375 2ddccBK c46707d46707 00102ddc40708NFICaRUCLbRUCLcStackd1955-07-21eO.U.P.g12.80l0o340.5433 MOI 1949r2016-08-03 00:00:00tC-2w2016-08-03yBK